000 00924nam a2200265 a 4500
001 000018717
003 DO-SdBNP
005 20240712102629.0
007 000018717
008 100514t2010 dr 001 0dspa d
020 _a9789945020984
040 _aBPMSU
_bspa
_cBPMSU
082 4 _a923.945
_bV581A 1990
_222
100 1 _aArciniegas, Germán
_d1900-1999.
245 1 0 _aAmérigo y el Nuevo Mundo /
_c Germán Arciniegas.
260 _aMéxico :
_bAlianza Editorial,
_c1990
300 _a364 p. ;
_c21 cm.
500 _aIncluye referencias bibliográficas y notas al pie de las páginas
590 _aInvetariado, 2024/VM
_6Inventariado, 2021/VM
600 1 4 _aVespucio, Américo,
_d1454-1512
_xCorrespondencia, memorias, etc
_3
651 4 _aAmérica
_xDescubrimiento y exploraciones
651 4 _aAmérica
_xDescripciones y viajes
910 _aVMateo V. Control de calidad. BPMSU
942 _2ddc
_cBK
999 _c14730
_d14730